|
|
|
|
| LEADER |
01658nam a2200385 a 4500 |
| 001 |
000025128 |
| 003 |
CZ BrMZK |
| 005 |
20241014105929.0 |
| 007 |
ta |
| 008 |
950707s1992 xr g f cze d |
| 015 |
|
|
|a cnb000069792
|
| 020 |
|
|
|a 80-7108-198-1
|q (v knize neuvedeno :
|q brož.)
|z 80-7108-030-6
|
| 035 |
|
|
|a (OCoLC)85684067
|
| 040 |
|
|
|a ABA001
|b cze
|d ABA001
|
| 072 |
|
7 |
|a 821.162.3-3
|x Česká próza
|2 Konspekt
|9 25
|
| 080 |
|
|
|a 821.162.3-31
|2 MRF
|
| 080 |
|
|
|a (0:82-31)
|2 MRF
|
| 100 |
1 |
|
|a Škvorecký, Josef,
|d 1924-2012
|7 jk01130413
|4 aut
|
| 245 |
1 |
0 |
|a Příběh inženýra lidských duší.
|n Část 2 /
|c Josef Škvorecký ; k vyd. připravil Zbyněk Fišer ; obálka a graf. úprava Ivan Štrouf
|
| 250 |
|
|
|a 3. vyd.
|
| 260 |
|
|
|a Brno :
|b Atlantis,
|c 1992
|
| 300 |
|
|
|a 299 s. ;
|c 20 cm
|
| 500 |
|
|
|a Poprvé vyšlo v r. 1977 v nakl. Sixty-Eight Publishers v Torontu
|
| 655 |
|
7 |
|a české romány
|7 fd133974
|2 czenas
|
| 655 |
|
9 |
|a Czech fiction
|2 eczenas
|
| 700 |
1 |
|
|a Fišer, Zbyněk,
|d 1959-
|7 jn19990209187
|4 edt
|
| 700 |
1 |
|
|a Štrouf, Ivan,
|d 1935-2023
|7 ola200202190
|4 art
|
| 856 |
4 |
1 |
|u http://www.digitalniknihovna.cz/mzk/uuid/uuid:fc603cf0-453b-11e4-aded-005056827e51
|y Digitalizovaný dokument
|x NDK
|
| 910 |
|
|
|a BOA001
|b PK-0117.725,2
|b 2-0985.152,2
|
| 920 |
|
|
|a 000103067
|
| 990 |
|
|
|a BK
|
| 991 |
|
|
|f B-ŠKV
|
| 996 |
6 |
|
|b 2619955054
|c 2-0985.152,2
|l MZK
|r Sklad / do 1 hodiny
|n 26
|w 000025128
|u 000030
|a 1
|e BOA001
|j MZK50
|s P
|
| 996 |
7 |
|
|b 2619992710
|c 2-0985.152,2
|l MZK
|r Sklad / do 1 hodiny
|n 82
|w 000025128
|u 000020
|a 1
|e BOA001
|j MZK50
|s A
|
| 996 |
7 |
|
|b 3119996539
|c PK-0117.725,2
|l MZK
|r Sklad / do 1 hodiny
|n 78
|w 000025128
|u 000010
|a 1
|e BOA001
|j MZK50
|s A
|